[Event "Oberfranken-ch U18/U16"]
[Site "Schney"]
[Date "2020.01.04"]
[Round "3.1"]
[White "Galstyan, Spartak"]
[Black "Leiss, Nicolas"]
[Result "1/2-1/2"]
[WhiteElo "1912"]
[BlackElo "1492"]
[PlyCount "84"]
[EventDate "2020.01.03"]
[EventType "swiss"]
[EventRounds "7"]
[EventCountry "GER"]
[SourceTitle "EXT 2024"]
[Source "ChessBase"]
[SourceDate "2023.10.10"]
[SourceVersion "1"]
[SourceVersionDate "2023.10.10"]
[SourceQuality "1"]

1. e4 c5 2. Nf3 Nc6 3. c3 d5 4. exd5 Qxd5 5. d4 cxd4 6. cxd4 e6 7. Nc3 Qd8 8. Be2 Nf6 9. 0-0 Be7 10. h3 0-0 11. Bf4 b6 12. Qa4 Bb7 13. Rfd1 Nd5 14. Bh2 Rc8 15. Ne5 Nxc3 16. bxc3 Nxe5 17. dxe5 Qc7 18. c4 Rfd8 19. Bf4 Qc6 20. Qxc6 Bxc6 21. Be3 Ba4 22. Rxd8+ Rxd8 23. Rb1 h6 24. g4 Kf8 25. Kg2 Bc2 26. Rc1 Bd3 27. Kf3 Bg6 28. a4 Bc5 29. a5 Ke7 30. Ra1 Kd7 31. axb6 Bxb6 32. c5 Bc7 33. Rxa7 Rb8 34. Bd1 Kd8 35. Bd4 Rb4 36. Ke3 Bxe5 37. Bxe5 Re4+ 38. Kd2 Rxe5 39. Ra5 Rd5+ 40. Kc1 h5 41. Be2 hxg4 42. hxg4 Kc7 1/2-1/2

[Event "Oberfranken-ch"]
[Site "Schney"]
[Date "2019.01.05"]
[Round "5"]
[White "Galstyan, Spartak"]
[Black "Koch, Christian1111"]
[Result "1/2-1/2"]
[WhiteElo "1885"]
[BlackElo "1996"]
[PlyCount "91"]
[EventDate "2019.01.03"]
[EventType "swiss"]
[EventRounds "7"]
[EventCountry "GER"]
[SourceTitle "CBM 188 Extra"]
[Source "ChessBase"]
[SourceDate "2019.02.26"]
[SourceVersion "1"]
[SourceVersionDate "2019.02.26"]
[SourceQuality "1"]

1. e4 c5 2. Nf3 Nc6 3. c3 e6 4. d4 d5 5. e5 cxd4 6. cxd4 Bb4+ 7. Bd2 Qb6 8. Na3 Bxa3 9. bxa3 Nxd4 10. Qa4+ Nc6 11. Bb5 Bd7 12. 0-0 a6 13. Qg4 g6 14. Bxc6 bxc6 15. Rab1 Qc7 16. Bb4 c5 17. Rfc1 c4 18. Bd6 Qa7 19. Rb4 a5 20. Rb2 Rc8 21. Rcb1 h6 22. Rb7 Qa8 23. Rb8 Qa6 24. R1b6 Rxb8 25. Rxb8+ Bc8 26. Qd4 Qc6 27. Qc3 Ne7 28. Nd4 Qd7 29. Qxa5 0-0 30. Qc5 Bb7 31. Rxf8+ Kxf8 32. Nb5 Ke8 33. Bxe7 Qxe7 34. Nd6+ Kd7 35. Nxb7 Qxc5 36. Nxc5+ Kc6 37. Na6 Kb5 38. Nb4 d4 39. Kf1 Ka4 40. Nc2 d3 41. Ne3 c3 42. Ke1 Kxa3 43. Kd1 Kb2 44. Nc4+ Kb1 45. Nd2+ Kxa2 46. Kc1 1/2-1/2

[Event "Oberfranken-ch"]
[Site "Schney"]
[Date "2019.01.04"]
[Round "4"]
[White "Zerr, Benjamin"]
[Black "Galstyan, Spartak"]
[Result "1/2-1/2"]
[WhiteElo "1736"]
[BlackElo "1885"]
[PlyCount "46"]
[EventDate "2019.01.03"]
[EventType "swiss"]
[EventRounds "7"]
[EventCountry "GER"]
[SourceTitle "CBM 188 Extra"]
[Source "ChessBase"]
[SourceDate "2019.02.26"]
[SourceVersion "1"]
[SourceVersionDate "2019.02.26"]
[SourceQuality "1"]

1. e4 c5 2. b4 cxb4 3. a3 e6 4. Nf3 d5 5. e5 Nc6 6. Be2 f6 7. d4 bxa3 8. Nxa3 Bb4+ 9. Bd2 Bxd2+ 10. Qxd2 Nh6 11. 0-0 0-0 12. Rfe1 Nf7 13. Bd3 fxe5 14. Nxe5 Qf6 15. f4 Nfxe5 16. fxe5 Qf4 17. Qxf4 Rxf4 18. c3 Bd7 19. Nb5 a6 20. Nd6 Nd8 21. Reb1 Bc6 22. Bb5 Bxb5 23. Rxb5 Rf8 1/2-1/2

[Event "Oberfranken-ch"]
[Site "Schney"]
[Date "2019.01.03"]
[Round "1"]
[White "Galstyan, Spartak"]
[Black "Bauschke, Norman"]
[Result "1-0"]
[WhiteElo "1885"]
[BlackElo "1635"]
[PlyCount "87"]
[EventDate "2019.01.03"]
[EventType "swiss"]
[EventRounds "7"]
[EventCountry "GER"]
[SourceTitle "CBM 188 Extra"]
[Source "ChessBase"]
[SourceDate "2019.02.26"]
[SourceVersion "1"]
[SourceVersionDate "2019.02.26"]
[SourceQuality "1"]

1. e4 c5 2. Nf3 Nc6 3. c3 e6 4. d4 cxd4 5. cxd4 d5 6. e5 Bb4+ 7. Bd2 Nge7 8. Bxb4 Nxb4 9. Nc3 a6 10. Be2 0-0 11. 0-0 b5 12. a4 bxa4 13. Nxa4 a5 14. Nd2 Ba6 15. Nc5 Bxe2 16. Qxe2 Nc2 17. Ra4 Nc6 18. Ndb3 N2b4 19. Rfa1 Qc7 20. Qd2 Ra7 21. Nxa5 Nxa5 22. Qxb4 Rfa8 23. Qb5 g6 24. h3 Nc6 25. Rxa7 Rxa7 26. Rxa7 Nxa7 27. Qe8+ Kg7 28. Kh2 Nc6 29. Nd7 Qd8 30. Qxd8 Nxd8 31. b4 h5 32. b5 g5 33. g4 hxg4 34. hxg4 f5 35. exf6+ Kf7 36. b6 Ke8 37. Nc5 Nc6 38. b7 Kf7 39. Nd7 Ke8 40. b8Q+ Nxb8 41. Nxb8 Kf7 42. Nd7 Ke8 43. Ne5 Kf8 44. Kg3 1-0

[Event "Regionalliga Nord-West 1718"]
[Site "Bayern"]
[Date "2018.02.04"]
[Round "6.3"]
[White "Kraich, Klaus"]
[Black "Galstyan, Spartak"]
[Result "1/2-1/2"]
[WhiteElo "2127"]
[BlackElo "1867"]
[PlyCount "93"]
[EventDate "2017.10.22"]
[EventType "team-tourn"]
[EventRounds "9"]
[EventCountry "GER"]
[SourceTitle "EXT 2022"]
[Source "ChessBase"]
[SourceDate "2021.10.06"]
[SourceVersion "1"]
[SourceVersionDate "2021.10.06"]
[SourceQuality "1"]
[WhiteTeam "Klingenberg"]
[BlackTeam "Hof PTSV"]
[WhiteTeamCountry "GER"]
[BlackTeamCountry "GER"]

1. d4 Nf6 2. c4 g6 3. Nc3 Bg7 4. e4 d6 5. Nf3 0-0 6. Be2 e5 7. Be3 Nc6 8. d5 Ne7 9. Nd2 Ne8 10. b4 f5 11. f3 a6 12. c5 Bd7 13. Qb3 Kh8 14. a4 f4 15. Bf2 g5 16. Nc4 h5 17. h3 Bf6 18. Rc1 Kg7 19. a5 Rh8 20. Na4 Bb5 21. cxd6 Bxa4 22. Qxa4 Nxd6 23. Nxd6 Qxd6 24. Bc5 Qd8 25. 0-0 Nc8 26. b5 b6 27. Bb4 axb5 28. Qxb5 Be7 29. Qc6 Ra7 30. Bxe7 Qxe7 31. axb6 Nxb6 32. Ra1 Rha8 33. Rxa7 Rxa7 34. Rc1 Qa3 35. Kh2 Qe3 36. Bb5 g4 37. Rf1 g3+ 38. Kh1 Qd4 39. Qe6 Ra1 40. Qe7+ Kg8 41. Qd8+ Kg7 42. Qxc7+ Kg8 43. Qd8+ Kg7 44. Qg5+ Kf8 45. Qh6+ Kg8 46. Qg6+ Kf8 47. Qe8+ 1/2-1/2

[Event "Oberfranken-ch"]
[Site "Schney"]
[Date "2018.01.03"]
[Round "1.1"]
[White "Focsa Lutz, Tudor"]
[Black "Galstyan, Spartak"]
[Result "0-1"]
[WhiteElo "1046"]
[BlackElo "1809"]
[PlyCount "78"]
[EventDate "2018.01.03"]
[EventType "swiss"]
[EventRounds "7"]
[EventCountry "GER"]
[SourceTitle "EXT 2022"]
[Source "ChessBase"]
[SourceDate "2021.10.06"]
[SourceVersion "1"]
[SourceVersionDate "2021.10.06"]
[SourceQuality "1"]

1. e4 c5 2. Nf3 e6 3. d4 cxd4 4. Nxd4 Nc6 5. c3 Nf6 6. Bd3 Be7 7. 0-0 0-0 8. Be3 d5 9. Nd2 Nxd4 10. cxd4 dxe4 11. Nxe4 Bd7 12. Rc1 Bc6 13. Nxf6+ Bxf6 14. Bc4 Rc8 15. f3 Bd5 16. Bxd5 Qxd5 17. Rxc8 Rxc8 18. b3 Rd8 19. g4 g6 20. Rf2 Bxd4 21. Bxd4 Qxd4 22. Qxd4 Rxd4 23. Kg2 Kg7 24. Rc2 Rd7 25. Kg3 h6 26. a4 f5 27. Re2 Kf6 28. h4 fxg4 29. fxg4 Rd3+ 30. Kf4 Rxb3 31. g5+ hxg5+ 32. hxg5+ Kf7 33. Ke5 Rd3 34. Rb2 Rd5+ 35. Ke4 b6 36. Rf2+ Ke7 37. Kf4 Rf5+ 38. Ke3 Rxf2 39. Kxf2 Kd6 0-1

[Event "Regionalliga Nord-West 1718"]
[Site "Bayern"]
[Date "2017.11.26"]
[Round "3.3"]
[White "Galstyan, Spartak"]
[Black "Kirschneck, Toralf"]
[Result "0-1"]
[WhiteElo "1867"]
[BlackElo "2083"]
[PlyCount "80"]
[EventDate "2017.10.22"]
[EventType "team-tourn"]
[EventRounds "9"]
[EventCountry "GER"]
[SourceTitle "EXT 2022"]
[Source "ChessBase"]
[SourceDate "2021.10.06"]
[SourceVersion "1"]
[SourceVersionDate "2021.10.06"]
[SourceQuality "1"]
[WhiteTeam "Hof PTSV"]
[BlackTeam "Marktleuthen"]
[WhiteTeamCountry "GER"]
[BlackTeamCountry "GER"]

1. e4 c5 2. Nf3 Nc6 3. c3 d5 4. exd5 Qxd5 5. d4 cxd4 6. Nxd4 Nxd4 7. Qxd4 Qxd4 8. cxd4 Bd7 9. Nc3 e6 10. Bb5 Bb4 11. Bd2 Nf6 12. a3 Bxc3 13. Bxd7+ Kxd7 14. Bxc3 Rac8 15. Rc1 Rc6 16. Ke2 Rhc8 17. Kd3 Rb6 18. Rc2 Rb3 19. f3 Nd5 20. Ra1 a5 21. Kd2 a4 22. g3 Nb6 23. Rac1 Nc4+ 24. Ke2 f6 25. f4 Kd6 26. d5 exd5 27. Bd4 Re8+ 28. Kf2 Rd3 29. Bc3 b5 30. Bb4+ Kd7 31. Re1 Rxe1 32. Kxe1 d4 33. Re2 Kc6 34. Kf2 Ne3 35. Bf8 g6 36. Bg7 Kd5 37. h3 f5 38. Bf6 Rd1 39. Bxd4 Kxd4 40. Rxe3 Rf1+ 0-1

[Event "Oberfranken-ch U16"]
[Site "Schney"]
[Date "2017.01.05"]
[Round "6.2"]
[White "Knauer, Finn"]
[Black "Galstyan, Spartak"]
[Result "0-1"]
[WhiteElo "1493"]
[BlackElo "1779"]
[PlyCount "86"]
[EventDate "2017.01.03"]
[EventType "swiss"]
[EventRounds "7"]
[EventCountry "GER"]
[SourceTitle "EXT 2024"]
[Source "ChessBase"]
[SourceDate "2023.10.10"]
[SourceVersion "1"]
[SourceVersionDate "2023.10.10"]
[SourceQuality "1"]

1. d4 f5 2. Nf3 Nf6 3. e3 g6 4. b3 Bg7 5. Bb2 d6 6. Nbd2 0-0 7. Be2 e6 8. 0-0 Qe7 9. c4 Nbd7 10. Qc2 e5 11. dxe5 dxe5 12. Rfd1 c5 13. e4 f4 14. h3 b6 15. Nb1 Bb7 16. Nc3 Rad8 17. Rd2 Nb8 18. Bd3 Nc6 19. a3 h6 20. Rad1 Nd4 21. Nxd4 exd4 22. Nd5 Qe5 23. f3 Nh5 24. Re1 Kh8 25. Bc1 g5 26. Rf2 Ng3 27. Qd2 h5 28. Qd1 Rfe8 29. Bd2 Re6 30. Be2 Rg6 31. a4 a5 32. Bc1 Rdd6 33. Bb2 Rh6 34. Bc1 Rde6 35. Qd3 Re8 36. Bd2 Bc8 37. Kh2 Rf8 38. Rg1 Qd6 39. Re1 Be5 40. Rg1 g4 41. Bc1 Nxe4 42. Rff1 g3+ 43. Kh1 Nf2+ 0-1

[Event "Regionalliga NW 1516"]
[Site "Bayern"]
[Date "2016.04.10"]
[Round "9.8"]
[White "Federschmidt, Ralf"]
[Black "Galstyan, Spartak"]
[Result "1/2-1/2"]
[WhiteElo "1771"]
[BlackElo "1775"]
[PlyCount "67"]
[EventDate "2015.10.11"]
[EventType "team-tourn"]
[EventRounds "9"]
[EventCountry "GER"]
[SourceTitle "EXT 2018"]
[Source "ChessBase"]
[SourceDate "2017.10.13"]
[SourceVersion "1"]
[SourceVersionDate "2017.10.13"]
[SourceQuality "1"]
[WhiteTeam "Bad Neustadt"]
[BlackTeam "Hof PTSV"]
[WhiteTeamCountry "GER"]
[BlackTeamCountry "GER"]

1. e4 c5 2. f4 e6 3. Nf3 d5 4. e5 d4 5. Bc4 Nc6 6. a3 Nge7 7. d3 Nd5 8. Bxd5 exd5 9. Qe2 Be7 10. 0-0 Bf5 11. h3 h5 12. Nbd2 h4 13. Qf2 Qd7 14. Kh2 Nd8 15. b4 Ne6 16. Nb3 cxb4 17. Nbxd4 Nxd4 18. Nxd4 Rh6 19. Nxf5 Qxf5 20. axb4 a6 21. Bd2 Rc8 22. Rac1 Rhc6 23. Be1 g5 24. fxg5 Qxf2 25. Bxf2 Bxg5 26. Rce1 Re6 27. Bc5 b6 28. Bd6 Rxc2 29. Rf5 Rg6 30. Kh1 Be7 31. Bxe7 Kxe7 32. Ref1 Rg7 33. R1f2 Rc3 34. R2f3 1/2-1/2

[Event "Oberfranken-ch U14"]
[Site "Schney"]
[Date "2016.01.04"]
[Round "4"]
[White "Galstyan, Spartak"]
[Black "Kornitzky, Tino"]
[Result "1/2-1/2"]
[WhiteElo "1686"]
[BlackElo "1698"]
[PlyCount "42"]
[EventDate "2016.01.03"]
[EventType "swiss"]
[EventRounds "7"]
[EventCountry "GER"]
[SourceTitle "EXT 2019"]
[Source "ChessBase"]
[SourceDate "2018.10.10"]
[SourceVersion "1"]
[SourceVersionDate "2018.10.10"]
[SourceQuality "1"]

1. e4 c5 2. Nf3 d6 3. d4 cxd4 4. Nxd4 Nf6 5. Nc3 g6 6. Be2 Bg7 7. 0-0 0-0 8. Be3 Nc6 9. h3 d5 10. exd5 Nxd5 11. Nxd5 Qxd5 12. Bf3 Qd7 13. Nxc6 bxc6 14. Qxd7 Bxd7 15. c3 Rab8 16. Rab1 Bf5 17. Rbc1 Rxb2 18. Bxa7 Ra8 19. Bc5 Raxa2 20. Bxe7 Rc2 21. Bxc6 Bxc3 1/2-1/2

[Event "Oberfranken-ch U14"]
[Site "Schney"]
[Date "2016.01.03"]
[Round "2"]
[White "Galstyan, Spartak"]
[Black "Von Deimling, Nicolas"]
[Result "1-0"]
[WhiteElo "1686"]
[BlackElo "1153"]
[PlyCount "107"]
[EventDate "2016.01.03"]
[EventType "swiss"]
[EventRounds "7"]
[EventCountry "GER"]
[SourceTitle "EXT 2019"]
[Source "ChessBase"]
[SourceDate "2018.10.10"]
[SourceVersion "1"]
[SourceVersionDate "2018.10.10"]
[SourceQuality "1"]

1. e4 e5 2. Nf3 Nc6 3. Bb5 Bd6 4. 0-0 Nf6 5. Qe2 a6 6. Ba4 b5 7. Bb3 Qe7 8. c3 Bc5 9. Rd1 0-0 10. d3 d6 11. Bg5 Be6 12. Nbd2 b4 13. Nf1 Ra7 14. d4 exd4 15. cxd4 Bxb3 16. axb3 Nxd4 17. Nxd4 Qxe4 18. Bxf6 Qxe2 19. Nxe2 gxf6 20. Nf4 Re8 21. Ng3 c6 22. Re1 Re5 23. Nd3 Rd5 24. Nxc5 Rxc5 25. Rac1 Rxc1 26. Rxc1 c5 27. Ne4 Rc7 28. Nxf6+ Kh8 29. Ne8 Rc6 30. Rd1 d5 31. g3 c4 32. Rxd5 c3 33. bxc3 Rxc3 34. Ra5 Rxb3 35. Rxa6 Rb1+ 36. Kg2 b3 37. Rb6 b2 38. Nf6 Kg7 39. Ng4 h5 40. Ne3 f6 41. Nc4 Kg6 42. Rxb2 Rc1 43. Ne3 Rc5 44. Rb6 Kg5 45. h4+ Kg6 46. Rd6 Re5 47. Kf3 Rc5 48. Nd5 Kg7 49. Ke4 Rc4+ 50. Kf5 Rc2 51. f4 Ra2 52. Nxf6 Ra7 53. Rd7+ Rxd7 54. Nxd7 1-0

[Event "Regionalliga NW 1516"]
[Site "Bayern"]
[Date "2015.12.13"]
[Round "4.8"]
[White "Galstyan, Spartak"]
[Black "Trapp, Kevin"]
[Result "1/2-1/2"]
[WhiteElo "1775"]
[BlackElo "1701"]
[PlyCount "110"]
[EventDate "2015.10.11"]
[EventType "team-tourn"]
[EventRounds "9"]
[EventCountry "GER"]
[SourceTitle "EXT 2018"]
[Source "ChessBase"]
[SourceDate "2017.10.13"]
[SourceVersion "1"]
[SourceVersionDate "2017.10.13"]
[SourceQuality "1"]
[WhiteTeam "Hof PTSV"]
[BlackTeam "Moembris"]
[WhiteTeamCountry "GER"]
[BlackTeamCountry "GER"]

1. e4 c5 2. Nf3 Nc6 3. d4 cxd4 4. Nxd4 d6 5. Nc3 Nf6 6. Be2 g6 7. 0-0 Bg7 8. Be3 0-0 9. h3 Ne8 10. Qd2 Nc7 11. Rad1 Nxd4 12. Bxd4 Bxd4 13. Qxd4 Ne6 14. Qe3 Bd7 15. e5 Bc6 16. exd6 exd6 17. Qd2 Qb6 18. b3 Rad8 19. Bc4 Nc7 20. Rfe1 Rd7 21. Re3 d5 22. Na4 Bxa4 23. bxa4 Rfd8 24. Rd3 Qc6 25. Bb3 Qc5 26. Qg5 Kg7 27. Rf3 Qe7 28. Qf4 b6 29. Rfd3 Qf6 30. Qd4 Qxd4 31. Rxd4 Kf6 32. c4 Ke5 33. f4+ Ke6 34. cxd5+ Kd6 35. Kf2 Na6 36. Kf3 Re7 37. Bc4 Nc5 38. Bb5 Rc8 39. Bc6 Nd7 40. Re4 Rxe4 41. Kxe4 Re8+ 42. Kf3 Re7 43. g4 Nb8 44. Bb5 Nd7 45. Rc1 Nc5 46. Rd1 Re4 47. g5 Nxa4 48. Rc1 Rb4 49. Be8 Ke7 50. Re1+ Kf8 51. d6 Nc5 52. Bc6 Rd4 53. Re8+ Kg7 54. Re7 Rxd6 55. Be8 Kf8 1/2-1/2

[Event "Regionalliga NW 1516"]
[Site "Bayern"]
[Date "2015.11.15"]
[Round "3.8"]
[White "Menzel, Felix"]
[Black "Galstyan, Spartak"]
[Result "0-1"]
[WhiteElo "1783"]
[BlackElo "1775"]
[PlyCount "76"]
[EventDate "2015.10.11"]
[EventType "team-tourn"]
[EventRounds "9"]
[EventCountry "GER"]
[SourceTitle "EXT 2018"]
[Source "ChessBase"]
[SourceDate "2017.10.13"]
[SourceVersion "1"]
[SourceVersionDate "2017.10.13"]
[SourceQuality "1"]
[WhiteTeam "Hoechstadt/Aisch"]
[BlackTeam "Hof PTSV"]
[WhiteTeamCountry "GER"]
[BlackTeamCountry "GER"]

1. e4 c5 2. Nf3 e6 3. d4 cxd4 4. Nxd4 Nc6 5. Be2 Qc7 6. Be3 Nf6 7. Nc3 a6 8. Nxc6 bxc6 9. a3 d5 10. f3 Be7 11. 0-0 0-0 12. exd5 cxd5 13. Bd3 Rb8 14. Na4 Bd7 15. b3 Bxa4 16. bxa4 Qa5 17. Qe2 Qxa4 18. Bxa6 Nd7 19. Bd3 Ne5 20. f4 Nxd3 21. Qxd3 Rfc8 22. c3 Rb3 23. Bd4 Rxa3 24. Rxa3 Qxa3 25. Qg3 f6 26. Qg4 Qa6 27. Re1 Rc6 28. Qh3 Qc8 29. Qg4 Ra6 30. Kh1 Qc4 31. Qh5 Qb5 32. c4 Qxc4 33. Qe8+ Bf8 34. Bf2 d4 35. Rb1 Qc5 36. Rb8 Ra1+ 37. Bg1 d3 38. Qf7+ Kxf7 0-1

[Event "Regionalliga NW 1415"]
[Site "Bayern"]
[Date "2015.02.01"]
[Round "6.8"]
[White "Galstyan, Spartak"]
[Black "Moenius, Oliver"]
[Result "1-0"]
[WhiteElo "1775"]
[BlackElo "1777"]
[PlyCount "71"]
[EventDate "2014.10.19"]
[EventType "team-tourn"]
[EventRounds "9"]
[EventCountry "GER"]
[SourceTitle "EXT 2018"]
[Source "ChessBase"]
[SourceDate "2017.10.13"]
[SourceVersion "1"]
[SourceVersionDate "2017.10.13"]
[SourceQuality "1"]
[WhiteTeam "Hof PTSV"]
[BlackTeam "Hoechstadt/Aisch"]
[WhiteTeamCountry "GER"]
[BlackTeamCountry "GER"]

1. e4 c6 2. d4 d5 3. Nc3 dxe4 4. Nxe4 Nf6 5. Nxf6+ exf6 6. Bc4 Bd6 7. Qe2+ Qe7 8. Qxe7+ Bxe7 9. Ne2 0-0 10. 0-0 Bf5 11. Bb3 a5 12. Ng3 Bg6 13. a4 Bd6 14. f4 Kh8 15. f5 Bxg3 16. fxg6 Bxh2+ 17. Kxh2 fxg6 18. Bf4 Na6 19. c3 Rfe8 20. Rae1 g5 21. Bg3 h5 22. Bf7 Rxe1 23. Rxe1 h4 24. Bd6 Kh7 25. Re7 Rd8 26. Re6 Rc8 27. Re8 Rxe8 28. Bxe8 g4 29. b4 axb4 30. cxb4 g5 31. b5 cxb5 32. axb5 g3+ 33. Kh3 f5 34. bxa6 bxa6 35. d5 Kg7 36. Be7 1-0